000 01088caa a22002537a 4500
999 _c413493
_d413493
001 136983
003 UA-OsUOA
005 20200213104907.0
007 ta
008 20190417b un ||||| |||| 00| 0 ukr d
040 _aUA-OsUOA
_bukr
_cUA-OsUOA
_dUA-OsUOA
041 _aukr
080 _a908
090 _a908
_bЛ84
100 _aЛук'янченко В.
245 _aКомплексні наукові дослідження та реставрація в'їзної брами замку князів Острозьких у Старокостянтинові
_cВ. Лук'янченко, О. Збруцький
300 _aС. 260–268
650 7 _a908 Краєзнавство
_2UDC
700 _aЗбруцький О.
773 0 _0396924
_9415561
_dХмельницький Поліграфіст-2 2014
_o147762
_tСлавутчина та Правобережна Україна в історії України
_w(UA-OsUOA) 110826
_z978-966-1502-76-4
942 _cBKA
_2udc
955 _a1